000 01536cam a22003494a 4500
999 _c5152
_d5152
001 15907505
003 GZU
005 20210329155017.0
008 090914s2010 stka b 001 0 eng
010 _a 2009038160
020 _a9780702033933 (alk. paper)
020 _a9780702033926 (international ed. : alk. paper)
035 _a(DNLM)101515103
040 _aDNLM/DLC
_cDLC
050 0 0 _aRD734
_b.McR 2010
100 1 _aMcRae, Ronald.
_eauthor
245 1 0 _aClinical orthopaedic examination /
_cRonald McRae ; with original drawings by the author.
250 _a6th ed.
260 _aEdinburgh ;
_aNew York :
_bChurchill Livingstone,
_c2010.
300 _aviii, 323 p. :
_bill. ;
_c25 cm.
504 _aIncludes bibliographical references and index.
505 0 _aGeneral principles in the examination of a patient with an orthopaedic problem -- Segmental and peripheral nerves of the limbs -- The cervical spine -- The shoulder -- The elbow -- The wrist -- The hand -- The thoracic and lumbar spine -- The hip -- The knee -- The tibia -- The ankle -- The foot.
650 0 _aOrthopedics
_xDiagnosis.
650 0 _aMusculoskeletal system
_xExamination.
650 1 2 _aBone Diseases
_xdiagnosis
_vAtlases.
650 1 2 _aJoint Diseases
_xdiagnosis
_vAtlases.
650 2 2 _aOrthopedic Procedures
_vAtlases.
650 2 2 _aPhysical Examination
_vAtlases.
906 _a7
_bcbc
_corignew
_d1
_eecip
_f20
_gy-gencatlg
942 _2lcc
_cBK
_e6th ed.
_h734
_iMCR
_kRD